Robust process development and scientific molding : theory and practice /

The book introduces the reader to the concepts of Scientific Molding and Scientific Processing for Injection Molding, geared towards developing a robust, repeatable, and reproducible (3Rs) molding process.The effects of polymer morphology, thermal transitions, drying, and rheology on the injection m...

Full description

Bibliographic Details
Main Author: Kulkarni, Suhas
Corporate Author: ScienceDirect (Online service)
Format: eBook
Language:English
Published: Munich : Cincinnati : Hanser Publishers ; Hanser Publications, [2017]
Subjects:
Online Access:Connect to the full text of this electronic book

MARC

Tag First Indicator Second Indicator Subfields
LEADER 00000cam a22000008i 4500
001 in00005761221
005 20260327151227.5
006 m o d
007 cr |n|||||||||
008 161214s2017 gw ob 001 0 eng
010 |a  2016057581 
040 |a DLC  |b eng  |e rda  |e pn  |c DLC  |d OCLCO  |d OCLCF  |d OCLCQ  |d UIU  |d UAB  |d STF  |d MERER  |d OCLCQ  |d ERL  |d N$T  |d UPM  |d D6H  |d OCLCQ  |d CEF  |d OCLCQ  |d COO  |d ZCU  |d ESU  |d U3W  |d LVT  |d EBLCP  |d VLY  |d TEF  |d S2H  |d OCLCO  |d OCLCQ  |d SFB  |d OCLCQ  |d OCLCO  |d OCLCL  |d SXB  |d OCLCQ  |d CLOUD  |d OCLCQ  |d OCLCL  |d UX1  |d VT2 
019 |a 1136961941  |a 1151975112 
020 |a 9781569905876  |q (electronic bk.) 
020 |a 1569905878  |q (electronic bk.) 
020 |z 9781569905869  |q (hardcover) 
020 |a 156990586X 
020 |a 9781569905869 
035 |a (OCoLC)966314798  |z (OCoLC)1136961941  |z (OCoLC)1151975112 
042 |a pcc 
050 1 0 |a TP1150 
072 7 |a TEC  |x 009010  |2 bisacsh 
082 0 0 |a 668.4/12  |2 23 
049 |a TXAM 
100 1 |a Kulkarni, Suhas. 
245 1 0 |a Robust process development and scientific molding :  |b theory and practice /  |c Suhas Kulkarni. 
263 |a 1701 
264 1 |a Munich :  |b Hanser Publishers ;  |a Cincinnati :  |b Hanser Publications,  |c [2017] 
300 |a 1 online resource 
336 |a text  |b txt  |2 rdacontent 
337 |a computer  |b c  |2 rdamedia 
338 |a online resource  |b cr  |2 rdacarrier 
504 |a Includes bibliographical references and index. 
588 0 |a Print version record and CIP data provided by publisher; resource not viewed. 
520 |a The book introduces the reader to the concepts of Scientific Molding and Scientific Processing for Injection Molding, geared towards developing a robust, repeatable, and reproducible (3Rs) molding process.The effects of polymer morphology, thermal transitions, drying, and rheology on the injection molding process are explained in detail. The development of a robust molding process is broken down into two sections and is described as the Cosmetic Process and the Dimensional Process. Scientific molding procedures to establish a 3R process are provided.The concept of Design of Experiments (DOEs) for and in injection molding is explained, providing an insight into the cosmetic and dimensional process windows. A plan to release qualified molds into production with troubleshooting tips is also provided. Topics that impact a robust process such as the use of regrind, mold cooling, and venting are also described.Readers will be able to utilize the knowledge gained from the book in their day-to-day operations immediately.The second edition includes a completely new chapter on Quality Concepts, as well as much additional material throughout the book, covering fountain flow, factors affecting post mold shrinkage, and factor selections for DOEs. There are also further explanations on several topics, such as in-mold rheology curves, cavity imbalances, intensification ratios, gate seal studies, holding time optimization of hot runner molds, valve gated molds, and parts with large gates. A troubleshooting guide for common molded defects is also provided. 
650 0 |a Injection molding of plastics. 
650 0 |a Molding materials. 
650 6 |a Matières plastiques  |x Moulage par injection. 
650 6 |a Matières à mouler. 
650 7 |a injection molding.  |2 aat 
650 7 |a molding material.  |2 aat 
650 7 |a TECHNOLOGY & ENGINEERING  |x Chemical & Biochemical.  |2 bisacsh 
650 7 |a Injection molding of plastics  |2 fast 
650 7 |a Molding materials  |2 fast 
655 7 |a Electronic books.  |2 local 
710 2 |a ScienceDirect (Online service) 
776 0 8 |i Print version:  |a Kulkarni, Suhas.  |t Robust process development and scientific molding.  |d Munich : Hanser Publishers ; Cincinnati : Hanser Publications, [2017]  |z 9781569905869  |w (DLC) 2016056074 
856 4 0 |u http://proxy.library.tamu.edu/login?url=https://www.sciencedirect.com/science/book/9781569905869  |z Connect to the full text of this electronic book  |t 0 
955 |a Elsevier ScienceDirect 2026-2027 
955 |a Knovel ebooks 
994 |a 92  |b TXA 
999 f f |i b4eb328d-eef8-465b-8d5d-5964d9e55202  |s d4deec3b-227e-4c4c-a9ce-440036c244e2  |t 0 
952 f f |a Texas A&M University  |b College Station  |c Electronic Resources  |s www_evans  |d Available Online  |t 0  |e TP1150   |h Library of Congress classification 
998 f f |a TP1150   |t 0  |l Available Online